[Event "Veteranos"]
[Site "?"]
[Date "2010.??.??"]
[Round "5.18"]
[White "Solana, Angel"]
[Black "Ubeda, Angel"]
[Result "1-0"]
[WhiteElo "1570"]
[BlackElo "1513"]
[PlyCount "111"]

1. d4 Nf6 2. c4 g6 3. Nc3 Bg7 4. e4 d6 5. Be2 O-O 6. Nf3 e5 7. O-O exd4 8. Nxd4
c6 9. Re1 Re8 10. Bf1 Qa5 11. Bd2 Qb6 12. Nb3 Bg4 13. Be2 Bxe2 14. Qxe2 Nbd7
15. Be3 Qc7 16. Bf4 Ne5 17. Rad1 Rad8 18. h3 Nh5 19. Bh2 Bh6 20. Nd4 Nf4 21.
Bxf4 Bxf4 22. Nf3 Nxf3+ 23. Qxf3 Be5 24. b3 a6 25. Ne2 b5 26. Nc1 bxc4 27. bxc4
c5 28. Rd5 Rb8 29. Qe2 Rb2 30. Qf3 Qa5 31. Nd3 Rxa2 32. Rd1 Ra1 33. Nxe5 Rxd1+
34. Qxd1 Rxe5 35. Rxd6 Rxe4 36. Rd8+ Kg7 37. Qd3 Rxc4 38. Rd7 Qa1+ 39. Kh2 Rd4
40. Rxd4 cxd4 41. Qe4 a5 42. Qe5+ Kh6 43. Qf4+ Kg7 44. Qe5+ f6 45. Qe7+ Kh6 46.
Qxf6 Qb2 47. h4 Qb8+ 48. Kh3 Qc8+ 49. g4 Qd7 50. Kg3 Qc7+ 51. Kg2 d3 52. Qf8+
Qg7 53. g5+ Kh5 54. Qxg7 Kxh4 55. Qxh7+ Kxg5 56. Qd7 1-0

[Event "Veteranos"]
[Site "?"]
[Date "2010.??.??"]
[Round "6.1"]
[White "Domínguez, Fernando"]
[Black "Martínez, Juan"]
[Result "1-0"]
[WhiteElo "2069"]
[BlackElo "1841"]
[PlyCount "51"]

1. e4 e5 2. Nf3 Nf6 3. Nxe5 d6 4. Nf3 Nxe4 5. Nc3 Nxc3 6. dxc3 Nd7 7. Be3 Be7
8. Qd2 Bf6 9. O-O-O O-O 10. h4 Ne5 11. Nxe5 dxe5 12. Bd3 Qe7 13. f3 Be6 14. g4
g6 15. Kb1 Rfd8 16. Qf2 Bd5 17. g5 Bg7 18. h5 Qe6 19. a3 Rac8 20. hxg6 hxg6 21.
Rh4 Kf8 22. Rdh1 Ke7 23. Bc5+ Kd7 24. c4 Bc6 25. Bf1 Rg8 26. Bh3 1-0

[Event "Veteranos"]
[Site "?"]
[Date "2010.??.??"]
[Round "6.2"]
[White "Edeso, Francisco"]
[Black "Royo, Manuel"]
[Result "0-1"]
[WhiteElo "1797"]
[BlackElo "1950"]
[PlyCount "62"]

1. d4 d5 2. c4 c6 3. cxd5 cxd5 4. Nc3 Nf6 5. Nf3 Nc6 6. e3 g6 7. Bb5 Bg7 8. Ne5
Bd7 9. Nxd7 Qxd7 10. O-O O-O 11. Bd2 Rac8 12. Rc1 a6 13. Ba4 b5 14. Bb3 e5 15.
dxe5 Nxe5 16. Qe2 Nc4 17. Bxc4 dxc4 18. Rcd1 Qc6 19. Bc1 b4 20. Nb1 Rfe8 21.
Qc2 a5 22. Nd2 a4 23. Nf3 b3 24. Qb1 Qe4 25. Qa1 Nd5 26. Bd2 a3 27. axb3 axb2
28. Qa4 c3 29. Qa2 Ra8 30. Qb1 c2 31. Ng5 cxb1=Q 0-1

[Event "Veteranos"]
[Site "?"]
[Date "2010.??.??"]
[Round "6.3"]
[White "Ruiz, José Manuel"]
[Black "Sarto, Angel"]
[Result "1-0"]
[WhiteElo "1899"]
[BlackElo "1962"]
[PlyCount "113"]

1. e4 e6 2. d4 d5 3. Nc3 dxe4 4. Nxe4 Nd7 5. Nf3 Ngf6 6. Ng3 Be7 7. Bd3 O-O 8.
O-O c5 9. c3 b6 10. Bf4 Bb7 11. Rc1 Rc8 12. Qe2 Nd5 13. Bd2 cxd4 14. cxd4 Rxc1
15. Rxc1 N5f6 16. h4 Qa8 17. Ng5 Bd5 18. a3 h6 19. N5e4 Rc8 20. Re1 Nxe4 21.
Nxe4 Nf6 22. Nxf6+ Bxf6 23. Qg4 Kf8 24. Re3 a5 25. Rg3 Qc6 26. h5 Qa4 27. Bxh6
Qxd4 28. Bf4 Ke7 29. Re3 Rc1+ 30. Kh2 Qxb2 31. Qg3 Qa1 32. Bd6+ Kd8 33. Qf4
Rh1+ 34. Kg3 Bh4+ 35. Kg4 f5+ 36. Bxf5 exf5+ 37. Qxf5 Qd4+ 38. Bf4 Bf6 39. g3
Qd1+ 40. f3 Bxf3+ 41. Rxf3 Rf1 42. Qd3+ Qxd3 43. Rxd3+ Kc8 44. Kf5 Kb7 45. h6
Ba1 46. h7 Re1 47. h8=N b5 48. Nf7 Kc6 49. Ne5+ Bxe5 50. Bxe5 g5 51. Bf6 b4 52.
axb4 axb4 53. Kxg5 Kb5 54. g4 Kc4 55. Rd8 Re2 56. Kg6 b3 57. Rb8 1-0

[Event "Veteranos"]
[Site "?"]
[Date "2010.??.??"]
[Round "6.4"]
[White "Gimeno, José Andrés"]
[Black "Navarro, Jesús"]
[Result "0-1"]
[WhiteElo "1741"]
[BlackElo "1850"]
[PlyCount "72"]

1. b3 Nf6 2. Bb2 g6 3. e3 Bg7 4. f4 d5 5. Nf3 c5 6. Be2 Nc6 7. Ne5 d4 8. Nxc6
bxc6 9. Bf3 Bb7 10. Qe2 O-O 11. O-O Nd5 12. c4 Nb4 13. d3 dxe3 14. Bxg7 Kxg7
15. Rd1 Qd4 16. Na3 Qxf4 17. Nc2 Nxc2 18. Qxc2 Rad8 19. Rf1 Qd4 20. Be2 Bc8 21.
Rad1 Bg4 22. h3 Bxe2 23. Qxe2 f5 24. g3 e5 25. Kg2 Rd6 26. Qf3 Rdf6 27. Rfe1 f4
28. g4 Rd6 29. g5 Rfd8 30. h4 R8d7 31. h5 Qc3 32. hxg6 Rxg6 33. Qg4 Rxd3 34.
Rxd3 Qxd3 35. Rd1 h5 36. Qxh5 Qf5 0-1

[Event "Veteranos"]
[Site "?"]
[Date "2010.??.??"]
[Round "6.5"]
[White "Yáñez, Gonzalo"]
[Black "Sanz, Alberto"]
[Result "1-0"]
[WhiteElo "1895"]
[BlackElo "1782"]
[PlyCount "71"]

1. e4 e5 2. Nf3 Nc6 3. Bc4 Bc5 4. c3 Nf6 5. d3 d5 6. exd5 Nxd5 7. O-O Nb6 8.
Bb5 O-O 9. Bxc6 bxc6 10. Nxe5 Qf6 11. d4 Bd6 12. Qf3 Bxe5 13. dxe5 Qxf3 14.
gxf3 f6 15. Bf4 Nd5 16. Bg3 fxe5 17. Re1 Rxf3 18. Nd2 Rd3 19. Nc4 Ba6 20. Nxe5
Rd2 21. Nxc6 Rxb2 22. Ne7+ Nxe7 23. Rxe7 c5 24. Rc7 c4 25. Be5 Re8 26. Bd4 Ree2
27. Rxg7+ Kf8 28. Rxh7 Bb7 29. Rd1 Red2 30. Re1 Re2 31. Kf1 Bg2+ 32. Kxg2 Rxe1
33. Rxa7 Ra1 34. a3 Rba2 35. h4 Rxa3 36. Bc5+ 1-0

[Event "Veteranos"]
[Site "?"]
[Date "2010.??.??"]
[Round "6.6"]
[White "Beltrán, Alfredo"]
[Black "Argüeso, Manuel"]
[Result "1-0"]
[WhiteElo "1700"]
[BlackElo "1824"]
[PlyCount "109"]

1. d4 Nf6 2. Nf3 d6 3. g3 c6 4. Bg2 Nbd7 5. O-O e5 6. c3 Be7 7. Nfd2 O-O 8. Na3
Qc7 9. Nc2 b6 10. e4 Bb7 11. Re1 a5 12. c4 Rac8 13. b3 b5 14. Bb2 Ba6 15. Ne3
Rfe8 16. Rc1 b4 17. a4 c5 18. d5 g6 19. Ng4 Nh5 20. h4 Rf8 21. Bh3 f5 22. exf5
Bxh4 23. gxh4 Nf4 24. Re3 h5 25. Nh2 Nxh3+ 26. Rxh3 Rxf5 27. Rg3 Kh7 28. Ne4
Nf6 29. Ng5+ Kh8 30. Rc2 Qe7 31. Qe1 Rf4 32. Ne6 Re4 33. Qd2 Qh7 34. Qg5 Re1+
35. Kg2 Ne4 36. Qxg6 Nxg3 37. Qxh7+ Kxh7 38. Kxg3 Rg8+ 39. Kh3 Reg1 40. Ng5+
Kg6 41. Nhf3 Rg4 42. Bxe5 Rf8 43. Bg3 Bc8 44. Kh2 Re8 45. Bxd6 Rxh4+ 46. Nxh4+
Kxg5 47. Ng2 Bf5 48. Rd2 Kf6 49. Bxc5 Be4 50. Be3 Rg8 51. Nh4 Rg4 52. Kh3 Rg1
53. f3 Rh1+ 54. Kg3 Rb1 55. Rb2 1-0

[Event "Veteranos"]
[Site "?"]
[Date "2010.??.??"]
[Round "6.7"]
[White "Martínez, Manuel"]
[Black "Navarro, Rafael"]
[Result "0-1"]
[WhiteElo "1689"]
[BlackElo "1673"]
[PlyCount "94"]

1. Nf3 d5 2. d4 Nf6 3. e3 Bg4 4. Be2 e6 5. Ne5 Bxe2 6. Qxe2 c6 7. O-O Nbd7 8.
f4 Be7 9. Nd2 O-O 10. Qd3 c5 11. c3 Rc8 12. Rf3 c4 13. Qc2 g6 14. Rh3 h5 15.
Nxg6 fxg6 16. Qxg6+ Kh8 17. Qh6+ Nh7 18. Qxh5 Ndf6 19. Qe2 Rg8 20. Nf3 Ne4 21.
Ne5 Qe8 22. Bd2 Rg7 23. Rf1 Bf6 24. Ng4 Rxg4 25. Qxg4 Nxd2 26. Rf2 Ne4 27. Rff3
Qf7 28. Rh6 Rg8 29. Qh3 Rg7 30. g4 Be7 31. Qg2 Bf8 32. g5 Rg6 33. Rh5 Kg8 34.
Rfh3 Rg7 35. Rh6 Nexg5 36. fxg5 Rxg5 37. Rxh7 Rxg2+ 38. Kxg2 Qxh7 39. Rxh7 Kxh7
40. Kf3 Bd6 41. h3 Kg6 42. e4 Kg5 43. e5 Bf8 44. b3 b5 45. Kg3 cxb3 46. axb3 a5
47. Kf3 a4 0-1

[Event "Veteranos"]
[Site "?"]
[Date "2010.??.??"]
[Round "6.8"]
[White "Cervera, Ramón"]
[Black "Pellicer, Rafael José"]
[Result "0-1"]
[WhiteElo "1611"]
[BlackElo "1811"]
[PlyCount "116"]

1. d4 f5 2. Nf3 d5 3. Bf4 e6 4. e3 Nf6 5. c4 c6 6. cxd5 cxd5 7. Bb5+ Bd7 8. Qb3
Bxb5 9. Qxb5+ Qd7 10. Nc3 a6 11. Qe2 Nc6 12. a3 Bd6 13. O-O O-O 14. Na4 Rae8
15. Bxd6 Qxd6 16. Nc5 Qe7 17. Nd3 Nd7 18. b4 Nb6 19. Nfe5 Nc4 20. Nxc4 dxc4 21.
Nf4 b5 22. Qf3 Qd6 23. Rfd1 Ne7 24. d5 e5 25. Ne6 e4 26. Qh5 g6 27. Qh6 Rf7 28.
Ng5 Rg7 29. Ne6 Rf7 30. Ng5 Ref8 31. Nxf7 Rxf7 32. Qf4 Qxf4 33. exf4 Nc8 34.
Rd4 Nd6 35. a4 Rd7 36. axb5 axb5 37. Ra6 Kf7 38. Kf1 Ke7 39. Ke2 Rc7 40. Rc6
Ra7 41. Rd2 Kd7 42. Ke3 Ra3+ 43. Kd4 Rd3+ 44. Rxd3 exd3 45. Ke3 Ne4 46. f3 Nc3
47. Ra6 Nxd5+ 48. Kd2 Nxb4 49. Ra7+ Kd6 50. Rxh7 Nd5 51. g3 Kc5 52. Rg7 Kd4 53.
Rb7 c3+ 54. Ke1 d2+ 55. Ke2 b4 56. Rd7 Kc4 57. Rd6 Kc5 58. Rxg6 Ne3 0-1

[Event "Veteranos"]
[Site "?"]
[Date "2010.??.??"]
[Round "6.9"]
[White "Lasierra, Javier"]
[Black "Arteaga, Francisco"]
[Result "0-1"]
[WhiteElo "1700"]
[BlackElo "1709"]
[PlyCount "56"]

1. e4 d5 2. e5 e6 3. d4 c5 4. c3 Bd7 5. Nf3 Nc6 6. Bb5 Nxe5 7. Bxd7+ Nxd7 8.
O-O cxd4 9. Nxd4 Bc5 10. Re1 Bxd4 11. Qxd4 Ngf6 12. Bg5 O-O 13. Re3 Qb6 14.
Qxb6 axb6 15. Nd2 h6 16. Bh4 Ra4 17. b4 Rfa8 18. Nf3 Rxa2 19. Rf1 Ra1 20. Ne1
Ne4 21. g4 Nd2 22. f4 Nxf1 23. Kxf1 Nf6 24. g5 hxg5 25. fxg5 Ne4 26. h3 b5 27.
Ke2 R8a2+ 28. Kf3 Rc1 0-1

[Event "Veteranos"]
[Site "?"]
[Date "2010.??.??"]
[Round "6.10"]
[White "Lorente, Antonio"]
[Black "Pardo, Venancio"]
[Result "1-0"]
[WhiteElo "1723"]
[BlackElo "1824"]
[PlyCount "95"]

1. e4 c5 2. Nc3 Nc6 3. Nf3 Nf6 4. d4 cxd4 5. Nxd4 e5 6. Nxc6 bxc6 7. Bd3 Bb4 8.
Bd2 O-O 9. a3 Bc5 10. O-O Rb8 11. Na4 Be7 12. Qe1 d6 13. Ba5 Qd7 14. Bc3 c5 15.
b3 Bb7 16. Nb2 Qc6 17. f3 Ba6 18. Nc4 Bxc4 19. Bxc4 Rfd8 20. Qe2 Nd7 21. a4 Nf6
22. Ba5 Rf8 23. Rad1 Ne8 24. Bd5 Qc8 25. f4 exf4 26. Rxf4 Nc7 27. Bc3 Nxd5 28.
exd5 Re8 29. Qf3 f6 30. Qg3 Rf8 31. Re1 Qb7 32. Qe3 Rbe8 33. Re4 Rf7 34. Qd3 a6
35. Qf3 Qa7 36. Kh1 Kf8 37. Qh5 Kg8 38. Rh4 g6 39. Qh6 Qd7 40. Rhe4 Qf5 41. Qd2
Qd7 42. Qd3 Qb7 43. Re6 Kf8 44. Qe4 Qd7 45. Qe2 Qc7 46. Bxf6 Rxf6 47. Rxe7 Rf1+
48. Qxf1+ 1-0

[Event "Veteranos"]
[Site "?"]
[Date "2010.??.??"]
[Round "6.11"]
[White "Félez, Carlos"]
[Black "Marín, Angel María"]
[Result "1/2-1/2"]
[WhiteElo "1634"]
[BlackElo "1712"]
[PlyCount "98"]

1. c4 Nf6 2. Nc3 g6 3. g3 Bg7 4. Bg2 O-O 5. b3 d6 6. h3 e5 7. e3 c6 8. e4 a5 9.
a4 Na6 10. d3 Nc5 11. Bg5 Qb6 12. Rb1 Qc7 13. Nge2 h6 14. Be3 Na6 15. O-O Nh7
16. f4 f5 17. Qd2 exf4 18. Nxf4 g5 19. Nfe2 Be6 20. Nd4 Qd7 21. Nxe6 Qxe6 22.
exf5 Rxf5 23. Ne4 Rxf1+ 24. Rxf1 Re8 25. Bf2 d5 26. cxd5 cxd5 27. Nc3 Nc7 28.
Re1 Qd7 29. Rxe8+ Qxe8 30. Nxd5 Qd7 31. Nxc7 Qxc7 32. Bd5+ Kh8 33. Qe3 Nf6 34.
Bc4 Nd7 35. Qe6 Nf6 36. Kh2 Qd7 37. Qb6 Nd5 38. Qxa5 Nc3 39. Qa8+ Kh7 40. Qg8+
Kg6 41. Qe6+ Qxe6 42. Bxe6 Be5 43. d4 Bc7 44. d5 Ne4 45. Kg2 Kf6 46. g4 Ke5 47.
Be3 b6 48. Kf3 Nc3 49. Bg8 Nxd5 1/2-1/2

[Event "Veteranos"]
[Site "?"]
[Date "2010.??.??"]
[Round "6.12"]
[White "López, Jesús"]
[Black "Bernad, Antonio"]
[Result "0-1"]
[WhiteElo "1500"]
[BlackElo "1724"]
[PlyCount "45"]

1. d4 e6 2. e4 d5 3. e5 c5 4. Nf3 Nc6 5. c4 cxd4 6. Nxd4 Nxe5 7. cxd5 Qxd5 8.
Qa4+ Bd7 9. Qb3 Qxd4 10. Be3 Qd5 11. Qc2 Rc8 12. Nc3 Bb4 13. Bd2 Qa5 14. a3 Be7
15. Be2 Nc4 16. b4 Bxb4 17. Qb3 Nxd2 18. Kxd2 Bxc3+ 19. Kd3 Bxa1 20. Rxa1 Qb5+
21. Qxb5 Bxb5+ 22. Ke3 Bxe2 23. Kxe2 0-1

[Event "Veteranos"]
[Site "?"]
[Date "2010.??.??"]
[Round "6.13"]
[White "García, Obdulio"]
[Black "Samper, Alfredo"]
[Result "1-0"]
[WhiteElo "1700"]
[BlackElo "1540"]
[PlyCount "109"]

1. d4 d5 2. c4 Bf5 3. Nc3 Nf6 4. e3 e6 5. Nf3 Be7 6. Bd2 c6 7. Nh4 Bg4 8. f3
Bh5 9. cxd5 Nxd5 10. g3 Nxc3 11. Bxc3 Bxh4 12. gxh4 Qxh4+ 13. Kd2 O-O 14. Be2
Nd7 15. Qf1 Nb6 16. b3 Rad8 17. Kc2 Nd5 18. Bd2 Qe7 19. Kb2 c5 20. e4 Nb6 21.
Qe1 Rxd4 22. Bc3 Rdd8 23. Qg3 f6 24. Rag1 Bg6 25. h4 c4 26. h5 Bxe4 27. fxe4
cxb3 28. axb3 a5 29. Bxa5 Ra8 30. Qe1 Qc5 31. Qg3 Rf7 32. Bxb6 Qxb6 33. Qc3 Qf2
34. Qc4 b5 35. Qd3 Qc5 36. Ra1 Qe5+ 37. Qc3 Qxe4 38. Rxa8+ Qxa8 39. Ra1 Qg2 40.
Qc8+ Rf8 41. Qxe6+ Kh8 42. Ra7 h6 43. Ka3 Qg5 44. Qe7 Rg8 45. Ra5 Qc1+ 46. Kb4
Qf4+ 47. Kc3 Rc8+ 48. Kd3 Qg3+ 49. Ke4 Qh4+ 50. Kf5 Qg5+ 51. Ke6 Qe5+ 52. Kf7
Rc7 53. Ra8+ Kh7 54. Bd3+ f5 55. Bxf5+ 1-0

[Event "Veteranos"]
[Site "?"]
[Date "2010.??.??"]
[Round "6.14"]
[White "Cristóbal, Angel"]
[Black "Codina, Juan"]
[Result "1-0"]
[WhiteElo "1515"]
[BlackElo "1608"]
[PlyCount "93"]

1. e4 e6 2. Nf3 d5 3. Nc3 Bb4 4. exd5 Bxc3 5. dxc3 Qxd5 6. Be3 Qxd1+ 7. Rxd1
Nd7 8. Bd4 Ngf6 9. Bb5 c6 10. Bc4 O-O 11. O-O b5 12. Bd3 Bb7 13. h3 c5 14. Bxf6
Nxf6 15. Ne5 c4 16. Be2 Nd5 17. Bf3 Rfd8 18. Rd4 f6 19. Ng4 e5 20. Rd2 Rd7 21.
Rfd1 Rad8 22. Ne3 Nxe3 23. Rxd7 Rxd7 24. Rxd7 Bxf3 25. fxe3 Be4 26. Rxa7 Bxc2
27. Rb7 Ba4 28. Kf2 h5 29. b3 cxb3 30. axb3 Bxb3 31. Rxb5 Be6 32. Rb1 Kf7 33.
Rc1 Bc4 34. g3 Kg6 35. Rd1 Kf5 36. Rd7 g6 37. Rc7 Be6 38. c4 g5 39. c5 Ke4 40.
h4 Kd5 41. Ke2 gxh4 42. gxh4 f5 43. Rh7 Kxc5 44. Rxh5 Kd5 45. Rg5 e4 46. h5 Bf7
47. h6 1-0

[Event "Veteranos"]
[Site "?"]
[Date "2010.??.??"]
[Round "6.15"]
[White "Menjón, Miguel"]
[Black "Burillo, Amelia"]
[Result "0-1"]
[WhiteElo "1632"]
[BlackElo "1500"]
[PlyCount "62"]

1. d4 Nf6 2. c4 c5 3. Nf3 cxd4 4. Nxd4 Nc6 5. Nc3 e6 6. a3 Be7 7. e3 O-O 8. Be2
d6 9. Bf3 Bd7 10. b4 Rc8 11. Qd3 Ne5 12. Qe2 Nxf3+ 13. Nxf3 a6 14. Bb2 Qc7 15.
Nd2 Bc6 16. f3 Rfe8 17. O-O d5 18. b5 axb5 19. cxb5 Bd7 20. Rac1 Qb6 21. Nb3
Nh5 22. Nd4 Nf6 23. Qf2 Rc4 24. Qe2 Bc5 25. Rfd1 e5 26. Nxd5 Nxd5 27. Qxc4 Nxe3
28. Qxc5 Qxc5 29. Rxc5 Nxd1 30. Ba1 exd4 31. Bxd4 Re1# 0-1

[Event "Veteranos"]
[Site "?"]
[Date "2010.??.??"]
[Round "6.16"]
[White "Latorre, Francisco"]
[Black "Moreno, Ignacio"]
[Result "1-0"]
[WhiteElo "1517"]
[BlackElo "1500"]
[PlyCount "119"]

1. d4 d5 2. Nf3 Bf5 3. e3 Nc6 4. a3 Nf6 5. c4 Ne4 6. b4 e6 7. Bb2 f6 8. Nc3 Bg4
9. cxd5 Nxc3 10. Bxc3 exd5 11. Be2 Ne7 12. Rc1 Bxf3 13. Bxf3 c6 14. O-O g6 15.
Re1 Bh6 16. Rc2 O-O 17. e4 Bg7 18. Bb2 Re8 19. Rce2 Kf8 20. Qb3 Qd6 21. e5 Qe6
22. exf6 Qxf6 23. Re6 Qf7 24. Bg4 Nf5 25. Bxf5 gxf5 26. Qe3 Rxe6 27. Qxe6 Qxe6
28. Rxe6 Re8 29. Rxe8+ Kxe8 30. g3 Bh6 31. Kg2 Bd2 32. Kf3 Kf7 33. g4 Kf6 34.
h3 a5 35. Ke2 Bf4 36. bxa5 Bc7 37. Bc3 Bd6 38. a4 fxg4 39. hxg4 Kg5 40. f3 Bf4
41. Bd2 h6 42. Bxf4+ Kxf4 43. Kf2 h5 44. gxh5 Kg5 45. Ke3 Kxh5 46. Kf4 Kg6 47.
Ke5 Kf7 48. f4 Ke7 49. f5 Kf7 50. f6 Ke8 51. Kd6 Kf7 52. a6 bxa6 53. Kxc6 Kxf6
54. Kxd5 Ke7 55. Kc6 Ke8 56. d5 Kd8 57. Kb6 Kd7 58. Kxa6 Kd6 59. Kb7 Kxd5 60.
a5 1-0

[Event "Veteranos"]
[Site "?"]
[Date "2010.??.??"]
[Round "6.17"]
[White "Pinilla, José Carlos"]
[Black "Solana, Angel"]
[Result "0-1"]
[WhiteElo "1500"]
[BlackElo "1570"]
[PlyCount "60"]

1. e4 c5 2. Nc3 e6 3. Nf3 a6 4. a4 Nc6 5. d3 Qc7 6. g3 Be7 7. Bg2 Nf6 8. Bf4 d6
9. Qe2 O-O 10. O-O Bd7 11. Rfd1 Rac8 12. h3 Nd4 13. Nxd4 cxd4 14. Nb1 Qxc2 15.
Rd2 Qb3 16. Ra3 Rc1+ 17. Kh2 Qb6 18. Rd1 Rxd1 19. Qxd1 Qxb2 20. f3 Rc8 21. Bd2
b5 22. Rb3 Qc2 23. Qxc2 Rxc2 24. axb5 Bxb5 25. Na3 Rxd2 26. Nxb5 axb5 27. Rxb5
Rxd3 28. e5 dxe5 29. Rxe5 g6 30. g4 Bd6 0-1

[Event "Veteranos"]
[Site "?"]
[Date "2010.??.??"]
[Round "6.18"]
[White "Gil, Gonzalo"]
[Black "Requeno, Juan José"]
[Result "1-0"]
[WhiteElo "1733"]
[BlackElo "1500"]
[PlyCount "61"]

1. c4 c5 2. Nc3 Nc6 3. Nf3 e5 4. g3 Nf6 5. Bg2 d6 6. O-O Nd4 7. e3 Nxf3+ 8.
Qxf3 Rb8 9. h3 Be7 10. b3 O-O 11. Bb2 a6 12. d4 cxd4 13. exd4 exd4 14. Nd5 Nxd5
15. Qxd5 Bf6 16. Rfd1 Be6 17. Qe4 Re8 18. Qd3 Qd7 19. Kh2 Bf5 20. Qd2 Be4 21.
Bxd4 Bxg2 22. Kxg2 Qc6+ 23. Kh2 Re6 24. Bxf6 Rxf6 25. Re1 Qc5 26. Re2 Rf3 27.
Rae1 g6 28. Qb2 Qc6 29. Kg1 h5 30. Qd4 Qc5 31. Re8+ 1-0

[Event "Veteranos"]
[Site "?"]
[Date "2010.??.??"]
[Round "6.19"]
[White "Otal, José Miguel"]
[Black "Ubeda, Angel"]
[Result "1-0"]
[WhiteElo "1577"]
[BlackElo "1513"]
[PlyCount "97"]

1. e4 c5 2. Nf3 d6 3. d4 cxd4 4. Nxd4 a6 5. Nc3 Nf6 6. Be3 Nc6 7. f3 e6 8. a4
Be7 9. Bc4 O-O 10. O-O Qc7 11. Bd3 Nxd4 12. Bxd4 Bd7 13. Kh1 Nh5 14. f4 Nf6 15.
e5 dxe5 16. Bxe5 Qb6 17. b3 Bc6 18. Qe2 Nd7 19. Ne4 Nxe5 20. fxe5 Rad8 21. Nf6+
Bxf6 22. Rxf6 Rxd3 23. Qxd3 gxf6 24. exf6 Kh8 25. Re1 Qd8 26. Qf1 Rg8 27. Re2
Rg6 28. Rf2 Qd6 29. h3 Rh6 30. Kg1 Qd4 31. Kh2 Be4 32. c3 Qxc3 33. Qd1 Bd5 34.
Rc2 Qe5+ 35. Kg1 Qb8 36. Qc1 Rg6 37. Rc8+ Qxc8 38. Qxc8+ Rg8 39. Qc3 Rxg2+ 40.
Kf1 Rg8 41. Qc7 Bxb3 42. Qxb7 Bxa4 43. Qxf7 Bb5+ 44. Kf2 h5 45. Qe7 Be8 46. f7
Bxf7 47. Qxf7 h4 48. Qxe6 Ra8 49. Qe5+ 1-0

[Event "Veteranos"]
[Site "?"]
[Date "2010.??.??"]
[Round "7.1"]
[White "Royo, Manuel"]
[Black "Domínguez, Fernando"]
[Result "1-0"]
[WhiteElo "1950"]
[BlackElo "2069"]
[PlyCount "55"]

1. e4 c5 2. Nf3 d6 3. d4 cxd4 4. Nxd4 Nf6 5. Nc3 Nc6 6. Bc4 Bd7 7. Bb3 e5 8.
Nf3 h6 9. h3 Be7 10. Be3 O-O 11. Qd2 a6 12. g4 Na5 13. g5 Nxb3 14. axb3 hxg5
15. Nxg5 Bc6 16. Rg1 d5 17. exd5 Nxd5 18. O-O-O Qa5 19. Kb1 Bb4 20. Qd3 e4 21.
Ngxe4 Nxc3+ 22. bxc3 Bxe4 23. Rxg7+ Kxg7 24. Qd4+ Kg8 25. cxb4 Bxc2+ 26. Kb2
Qf5 27. Rg1+ Qg6 28. Rxg6+ 1-0

[Event "Veteranos"]
[Site "?"]
[Date "2010.??.??"]
[Round "7.2"]
[White "Navarro, Jesús"]
[Black "Yáñez, Gonzalo"]
[Result "1/2-1/2"]
[WhiteElo "1850"]
[BlackElo "1896"]
[PlyCount "46"]

1. e4 Nf6 2. Bc4 e5 3. Nc3 d6 4. Nge2 Be7 5. d4 O-O 6. f3 c6 7. Be3 b5 8. Bd3
Na6 9. a3 Nc7 10. Qd2 a6 11. Ng3 c5 12. dxc5 dxc5 13. Qf2 Ne6 14. Nf5 Nd4 15.
Nxe7+ Qxe7 16. Rc1 c4 17. Be2 Rd8 18. O-O Bb7 19. Rfd1 Nxe2+ 20. Nxe2 Rxd1+ 21.
Rxd1 Rd8 22. Qe1 Rxd1 23. Qxd1 Qd7 1/2-1/2

[Event "Veteranos"]
[Site "?"]
[Date "2010.??.??"]
[Round "7.3"]
[White "Navarro, Rafael"]
[Black "Ruiz, José Manuel"]
[Result "0-1"]
[WhiteElo "1673"]
[BlackElo "1899"]
[PlyCount "74"]

1. d4 Nf6 2. Nc3 d5 3. Bg5 Nbd7 4. Nf3 h6 5. Bh4 g5 6. Bg3 c6 7. e3 Bg7 8. Bd3
O-O 9. h4 g4 10. Nd2 b5 11. h5 Nb6 12. b4 a5 13. bxa5 Nc4 14. Nb3 Nxa5 15. Nc5
Nc4 16. Nb3 Nb2 17. Qd2 b4 18. Nd1 Nxd3+ 19. cxd3 Qb6 20. Bf4 Kh7 21. f3 Ra3
22. Nf2 gxf3 23. gxf3 Bf5 24. Be5 Rfa8 25. Ke2 Qa7 26. Qc2 Rxa2 27. Rxa2 Qxa2
28. Qxa2 Rxa2+ 29. Nd2 b3 30. Bxf6 Bxf6 31. Rb1 b2 32. Nd1 c5 33. dxc5 Ra1 34.
e4 dxe4 35. dxe4 Bd7 36. Kd3 Bb5+ 37. Kc2 Bd4 0-1

[Event "Veteranos"]
[Site "?"]
[Date "2010.??.??"]
[Round "7.4"]
[White "Martínez, Juan"]
[Black "Beltrán, Alfredo"]
[Result "1-0"]
[WhiteElo "1841"]
[BlackElo "1699"]
[PlyCount "49"]

1. e4 e6 2. d4 d5 3. Nd2 Nf6 4. e5 Nfd7 5. Bd3 c5 6. c3 cxd4 7. cxd4 Be7 8. Ne2
Nc6 9. a3 Qb6 10. Nf3 Na5 11. b4 Nc4 12. Bxc4 dxc4 13. Be3 Qc6 14. Nc3 b5 15.
O-O Bb7 16. a4 a6 17. axb5 axb5 18. Rxa8+ Bxa8 19. d5 exd5 20. Nd4 Qg6 21.
Ndxb5 Nxe5 22. Nc7+ Kd7 23. N7b5 Nd3 24. Qa4 Bc6 25. Qa7+ 1-0

[Event "Veteranos"]
[Site "?"]
[Date "2010.??.??"]
[Round "7.5"]
[White "Sarto, Angel"]
[Black "Lorente, Antonio"]
[Result "1-0"]
[WhiteElo "1962"]
[BlackElo "1723"]
[PlyCount "51"]

1. d4 Nf6 2. Nf3 e6 3. Nbd2 d5 4. e3 Be7 5. Bd3 Nc6 6. a3 O-O 7. b3 a6 8. O-O
h6 9. Bb2 Na7 10. Ne5 Nd7 11. f4 c5 12. Qf3 Nxe5 13. fxe5 Bd7 14. Qh5 Be8 15.
Qh3 b5 16. c3 c4 17. Bc2 Bg5 18. Rae1 f5 19. exf6 Rxf6 20. Nf3 Bd7 21. Nxg5
Rxf1+ 22. Rxf1 Qxg5 23. Qf3 Qe7 24. b4 Rf8 25. Qxf8+ Qxf8 26. Bh7+ 1-0

[Event "Veteranos"]
[Site "?"]
[Date "2010.??.??"]
[Round "7.6"]
[White "Pellicer, Rafael José"]
[Black "Edeso, Francisco"]
[Result "0-1"]
[WhiteElo "1811"]
[BlackElo "1797"]
[PlyCount "65"]

1. d4 d5 2. c4 c6 3. Qc2 Nf6 4. Bf4 e6 5. a3 Bd6 6. Bxd6 Qxd6 7. c5 Qe7 8. Nf3
O-O 9. Nbd2 Nbd7 10. e3 e5 11. dxe5 Nxe5 12. Be2 Bg4 13. Nxe5 Qxe5 14. Bxg4
Nxg4 15. Nf3 Qe7 16. O-O f5 17. Rae1 Rae8 18. h3 Ne5 19. Nd4 Qf6 20. Ne2 g5 21.
Qc3 Nc4 22. Nd4 g4 23. hxg4 fxg4 24. b3 Ne5 25. Qc2 Qg5 26. e4 Nf3+ 27. Nxf3
gxf3 28. g3 Qh5 29. Re3 Qh3 30. Rxf3 Rxf3 31. exd5 cxd5 32. Qd1 Qf5 33. Qe2 0-1

[Event "Veteranos"]
[Site "?"]
[Date "2010.??.??"]
[Round "7.7"]
[White "Arteaga, Francisco"]
[Black "Argüeso, Manuel"]
[Result "1-0"]
[WhiteElo "1709"]
[BlackElo "1824"]
[PlyCount "109"]

1. d4 Nf6 2. e3 c5 3. c3 Qc7 4. Bd3 g6 5. Nf3 Bg7 6. Nbd2 d5 7. h3 Nc6 8. O-O
e5 9. Nxe5 Nxe5 10. dxe5 Qxe5 11. Nf3 Qc7 12. Re1 O-O 13. e4 dxe4 14. Bxe4 Nxe4
15. Rxe4 Bf5 16. Re1 Rad8 17. Qa4 a6 18. Bf4 Qc8 19. Be3 b5 20. Qh4 Qc6 21. Bh6
Rd5 22. Bxg7 Kxg7 23. Re3 Qd6 24. Rae1 Rd1 25. g4 Rxe1+ 26. Rxe1 Qf4 27. Re3
Be6 28. Ng5 h6 29. Nxe6+ fxe6 30. Rxe6 Rf7 31. Re3 Qd6 32. Qg3 Qxg3+ 33. Rxg3
Rd7 34. a4 Rd1+ 35. Kg2 bxa4 36. Re3 Rd2 37. Re4 Rxb2 38. Rxa4 Rb6 39. Ra5 Rc6
40. c4 Kf6 41. f4 h5 42. Kf3 hxg4+ 43. hxg4 Ke6 44. Ke4 Kd6 45. f5 gxf5+ 46.
gxf5 Kc7 47. Ke5 Kb6 48. Ra2 Rc8 49. f6 Re8+ 50. Kd6 Re1 51. Rb2+ Ka7 52. Rf2
Kb6 53. f7 Rd1+ 54. Ke5 Re1+ 55. Kf6 1-0

[Event "Veteranos"]
[Site "?"]
[Date "2010.??.??"]
[Round "7.8"]
[White "Sanz, Alberto"]
[Black "Cristóbal, Angel"]
[Result "1-0"]
[WhiteElo "1782"]
[BlackElo "1515"]
[PlyCount "108"]

1. e4 e5 2. f4 exf4 3. Bc4 g6 4. d4 Bg7 5. Bxf4 d6 6. Nf3 Bg4 7. c3 Nd7 8. O-O
Nb6 9. Bb3 Ne7 10. Bg3 O-O 11. Nbd2 c6 12. h3 Be6 13. c4 d5 14. cxd5 cxd5 15.
e5 Nc4 16. Bxc4 dxc4 17. Ne4 Nd5 18. Qe2 b5 19. a4 a6 20. axb5 axb5 21. Nc5 Qc8
22. Ng5 Rxa1 23. Rxa1 Bf5 24. Ra6 Bh6 25. Nge4 Be3+ 26. Nf2 Bxd4 27. Rd6 Qxc5
28. Qd2 Bd3 29. Kh1 Bxf2 30. Bxf2 Qb4 31. Qc1 Ne7 32. g4 Nc8 33. Rf6 Ne7 34.
Rd6 Nc8 35. Rf6 Rd8 36. Qf4 Rf8 37. Bd4 Qe1+ 38. Kh2 Ne7 39. Rd6 Qe4 40. Qxe4
Bxe4 41. Rb6 Nc6 42. Bc5 Re8 43. Bd6 Nxe5 44. Rxb5 Nd3 45. Kg3 Rc8 46. Kh4 c3
47. bxc3 Rxc3 48. Kg5 Kg7 49. Rb8 h6+ 50. Kh4 Rc6 51. Bf8+ Kh7 52. g5 hxg5+ 53.
Kxg5 Ne5 54. Be7 Nd7 1-0

[Event "Veteranos"]
[Site "?"]
[Date "2010.??.??"]
[Round "7.9"]
[White "Bernad, Antonio"]
[Black "Félez, Carlos"]
[Result "1-0"]
[WhiteElo "1724"]
[BlackElo "1634"]
[PlyCount "69"]

1. e4 e5 2. Nf3 Nf6 3. Nc3 d6 4. d4 Nbd7 5. dxe5 dxe5 6. Bc4 h6 7. O-O Be7 8.
Re1 O-O 9. Nh4 c6 10. Qf3 b5 11. Bb3 Nc5 12. Nf5 Nxb3 13. axb3 Nh7 14. Qg3 Bxf5
15. exf5 Kh8 16. Qxe5 Bf6 17. Qg3 Bxc3 18. Qxc3 Qf6 19. Qc5 a6 20. c3 Rfd8 21.
Be3 Rd5 22. Qb6 Qxf5 23. Qxc6 Rad8 24. Rxa6 Rd1 25. Ra1 R1d6 26. Qc5 Qc2 27.
Qxb5 Qxb2 28. Bd4 Qd2 29. Re2 Qg5 30. Re8+ Nf8 31. Qxg5 hxg5 32. Ra8 Rxa8 33.
Rxa8 Kg8 34. Rxf8+ Kxf8 35. Bc5 1-0